00870nam a2200241 a 450000100060000000300080000600500170001400800410003103500190007204000350009104100080012604200110013408200250014510000520017024500480022226400620027030000240033250000750035665100340043194200120046599900170047795201340049477051BD-RjUL20211209082923.0200219r19591929nyu 000|1|eng d a(BD-RjUL)77275 aStDuBDSbengcStDuBDSdBD-RjUL aeng aukblsr04223a813.52bFAS 19591 aFaulkner, William,d1897-1962,eauthor.923954714aThe sound and the fury /cWilliam Faulkner  1aNew Yourk :bthe American library,cc1929, [printing1959] a222 pages ;c18 cm. aOriginally published: New York : Jonathan Cape & Harrison Smith, 1929. 0aMississippivFiction.9239548 2ddccBK c77051d77051 00102ddc40718FICaRUCLbRUCLcReadingd1990-11-03eShakut osmanl0o813.52 FAS 1959r2020-02-19 00:00:00tC-1w2020-02-19yBK